Liste des Pokémon possédant plusieurs formes - Statistiques

Statistiques générales
  • Ce quiz a été pris 175 fois
    19 depuis la dernière actualisation
  • Le résultat moyen est 212 sur 240
Statistiques - réponses
Nombre de formes Forme(s) alternative(s) Pokémon % Correct
3 Méga-Évolution Absol
100%
2 Méga-Évolution Alakazam
100%
2 Méga-Évolution Aligatueur
100%
2 Forme Avatar Forme Totémique Amovénus
100%
3 Méga-Évolution Forme Sacha Amphinobi
100%
2 Forme de Hisui Arcanin
100%
18 1 par Type Arceus
100%
2 Forme de Galar Artikodin
100%
2 Forme de Paldea Axoloto
100%
4 Taille Mini Taille Normale Taille Maxi Taille Ultra Banshitrouye
100%
3 Motif Bleu Motif Rouge Motif Blanc Bargantua
100%
2 Méga-Évolution Blizzaroi
100%
2 Forme Avatar Forme Totémique Boréas
100%
2 Méga-Évolution Braségali
100%
2 Forme de Hisui Caninos
100%
2 Temps Couvert Temps Ensoleillé Ceriflor
100%
64 Dépend de divers facteurs dont l'Objet en Sucre Forme Gigamax Charmilly
100%
3 Cape Plante Cape Sable Cape Déchet Cheniselle
100%
3 Cape Plante Cape Sable Cape Déchet Cheniti
100%
10 Dépend du toilettage Couafarel
100%
2 Méga-Évolution Dardargnan
100%
2 Forme Avatar Forme Totémique Démétéros
100%
2 Méga-Évolution Démolosse
100%
2 Forme Originelle Dialga
100%
4 Méga-Évolution Forme Gigamax Dracaufeu
100%
2 Forme de Galar Électhor
100%
2 Forme de Hisui Électrode
100%
2 Forme Parade Forme Assaut Exagide
100%
2 Famille de Trois Famille de Quatre Famignol
100%
2 Forme d'Alola Feunard
100%
5 Fleur Rouge Fleur Orange Fleur Jaune Fleur Bleue Fleur Blanche Flabébé
100%
3 Méga-Évolution Forme de Galar Flagadoss
100%
7 Fleur Rouge Fleur Orange Fleur Jaune Fleur Bleue Fleur Blanche Fleur Éternelle Méga-Évolution Floette
100%
5 Fleur Rouge Fleur Orange Fleur Jaune Fleur Bleue Fleur Blanche Florges
100%
3 Méga-Évolution Forme Gigamax Florizarre
100%
2 Forme de Hisui Fragilady
100%
2 Forme Solitaire Forme Banc Froussardine
100%
2 Forme Avatar Forme Totémique Fulguris
100%
2 Méga-Évolution Galeking
100%
2 Méga-Évolution Gallame
100%
2 Méga-Évolution Gardevoir
100%
2 Forme Alternative Forme Originelle Giratina
100%
2 Méga-Évolution Goupelin
100%
2 Forme d'Alola Goupix
100%
2 Forme d'Alola Gravalanch
100%
2 Forme d'Alola Grolem
100%
2 Forme d'Alola Grotadmorv
100%
2 Primo-Résurgence Groudon
100%
4 Forme Printemps Forme Été Forme Automne Forme Hiver Haydaim
100%
2 Enchaîné Déchaîné Hoopa
100%
2 Méga-Évolution Jungko
100%
2 Aspect Normal Aspect Décidé Keldeo
100%
5 Forme Finale Forme Limitée Forme de Course Forme de Nage Forme de Vol Koraidon
100%
2 Primo-Résurgence Kyogre
100%
3 Noir Blanc Kyurem
100%
2 Méga-Évolution Laggron
100%
2 Méga-Évolution Latias
100%
2 Méga-Évolution Latios
100%
2 Méga-Évolution Léviator
100%
2 Forme de Galar Limonde
100%
2 Forme de Galar Linéon
100%
2 Méga-Évolution Lockpin
100%
3 Forme Diurne Forme Nocturne Forme Crépusculaire Lougaroc
100%
3 Méga-Évolution Lucario
100%
4 Forme Couleur du Passé Méga-Évolution Magearna
100%
2 Méga-Évolution Méganium
100%
2 Forme Chant Forme Danse Meloetta
100%
8 Forme Météore Forme Noyau Météno
100%
3 Méga-Évolution Mewtwo
100%
4 Forme d'Alola Forme de Galar Forme Gigamax Miaouss
100%
5 Mode Ultime Mode Bridé Mode Terrestre Mode Aquatique Mode Aérien Miraidon
100%
2 Forme Coffre Forme Marche Mordudor
100%
2 Mode Rassasié Mode Affamé Morpeko
100%
4 Forme Normale Forme Solaire Forme Eau de Pluie Forme Blizzard Morphéo
100%
6 Chaleur Froid Hélice Tonte Lavage Motisma
100%
2 Méga-Évolution Mysdibule
100%
2 Méga-Évolution Nanméouïe
100%
4 Crinière du Couchant Ailes de l'Aurore Ultra-Explosion Necrozma
100%
6 Forme Courbée Forme Affalée Forme Raide Méga-Évolution Nigirigon
100%
2 Forme d'Alola Noadkoko
100%
4 Masque Turquoise Masque du Puits Masque du Fourneau Masque de la Pierre Ogerpon
100%
2 Forme d'Alola Ossatueur
100%
2 Forme Originelle Palkia
100%
2 Forme Gigamax Papilusion
100%
2 Forme d'Alola Persian
100%
2 Méga-Évolution Pharamp
100%
2 Troizépi Pichu
100%
16 Cosplayeur Partenaire À Casquette Forme Gigamax Pikachu
100%
4 Taille Mini Taille Normale Taille Maxi Taille Ultra Pitrouille
100%
4 Style Pom-Pom Style Hula Style Flamenco Style Buyō Plumeline
100%
2 Forme Imitation / Forme Onéreuse Poltchageist
100%
2 Forme Contrefaçon / Forme Authentique Polthégeist
100%
20 Dépend de la région d'origine Prismillon
100%
2 Méga-Évolution Ptéra
100%
2 Forme d'Alola Racaillou
100%
4 Méga-Évolution Forme d'Alola Raichu
100%
2 Forme de Galar Ramoloss
100%
2 Forme de Galar Roigada
100%
2 Forme Gigamax Ronflex
100%
2 Méga-Évolution Roucarnage
100%
2 Mer Occident Mer Orient Sancoki
100%
2 Méga-Évolution Scarabrute
100%
2 Forme Terrestre Forme Céleste Shaymin
100%
4 Style Poing Final Style Mille Poings Forme Gigamax Style Poing Final Forme Gigamax Style Mille Poings Shifours
100%
4 294 967 296 Dépend de la disposition des taches Spinda
100%
2 Méga-Évolution Steelix
100%
2 Forme de Galar Sulfura
100%
3 Cavalier du Froid Cavalier d'Effroi Sylveroy
100%
2 Forme d'Alola Tadmorv
100%
4 Plumage Vert Plumage Bleu Plumage Jaune Plumage Blanc Tapatoès
100%
2 Méga-Évolution Ténéfix
100%
2 Forme Contrefaçon Forme Authentique Théffroi
100%
2 Forme Médiocre Forme Exceptionnelle Théffroyable
100%
3 Méga-Évolution Forme Gigamax Tortank
100%
2 Mer Occident Mer Orient Tritosor
100%
2 Lune Vermeille Ursaking
100%
4 Forme Printemps Forme Été Forme Automne Forme Hiver Vivaldaim
100%
2 Forme de Hisui Voltorbe
100%
2 Héros Aguerri Épée Suprême Zacian
100%
2 Héros Aguerri Bouclier Suprême Zamazenta
100%
28 A à Z, ! et ? Zarbi
100%
2 Papa Zarude
100%
2 Méga-Évolution Zeraora
100%
2 Forme de Galar Zigzaton
100%
2 Forme de Hisui Zoroark
100%
2 Forme de Hisui Zorua
100%
4 Forme 10 % Forme 50 % Forme Parfaite Méga-Évolution Zygarde
100%
2 Méga-Évolution Airmure
86%
2 Méga-Évolution Altaria
86%
2 Forme Gigamax Angoliath
86%
2 Forme Tête de Gel Forme Tête Dégel Bekaglaçon
86%
2 Méga-Évolution Blindépique
86%
2 Méga-Évolution Branette
86%
2 Méga-Évolution Camérupt
86%
3 Méga-Évolution Carchacrok
86%
2 Méga-Évolution Charmina
86%
2 Méga-Évolution Cizayox
86%
2 Forme de Hisui Clamiral
86%
2 Forme de Hisui Colimucus
86%
4 Mode Transe Forme de Galar Forme de Galar Mode Transe Darumacho
86%
4 Forme Normale Forme Attaque Forme Défense Forme Vitesse Deoxys
86%
2 Méga-Évolution Diancie
86%
2 Méga-Évolution Dracolosse
86%
3 Méga-Évolution Forme Gigamax Ectoplasma
86%
2 Méga-Évolution Élecsprint
86%
2 Méga-Évolution Empiflor
86%
3 Partenaire Forme Gigamax Évoli
86%
2 Forme de Galar Galopa
86%
5 Module Aqua Module Cryo Module Choc Module Pyro Genesect
86%
2 Forme Gigamax Gorythmic
86%
2 Forme de HIsui Gueriaigle
86%
2 Méga-Évolution Hexadron
86%
2 Méga-Évolution Kangourex
86%
2 Méga-Évolution Kravarech
86%
2 Forme Gigamax Lézargus
86%
2 Forme Gigamax Lokhlass
86%
2 Forme de Gigamax Mackogneur
86%
2 Méga-Évolution Métalosse
86%
2 Forme Gigamax Miasmax
86%
2 Forme Déguisée Forme Démasquée Mimiqui
86%
3 Mâle / Femelle Méga-Évolution Mistigrix
86%
2 Forme de Galar M. Mime
86%
2 Méga-Évolution Momartik
86%
2 Forme de Hisui Muplodocus
86%
3 Forme Gobe-Tout Forme Gobe-Chu Nigosier
86%
2 Méga-Évolution Oniglali
86%
2 Forme de Galar Ponyta
86%
2 Forme Gigamax Pyrobut
86%
2 Méga-Évolution Rayquaza
86%
2 Méga-Évolution Roitiflam
86%
2 Méga-Évolution Scarhino
86%
2 Méga-Évolution Sepiatroce
86%
2 Forme de Hisui Séracrawl
86%
2 Méga-Évolution Sharpedo
86%
18 1 par Type Silvallié
86%
2 Forme de Galar Smogogo
86%
2 Méga-Évolution Staross
86%
2 Forme Ordinaire Forme Super Superdofin
86%
2 Forme d'Alola Taupiqueur
86%
4 Forme de Paldea Tauros
86%
3 Forme Normale Forme Téracristal Forme Stellaire Terapagos
86%
2 Forme d'Alola Triopikeur
86%
2 Forme de Galar Tutafeh
86%
2 Forme de Hisui Typhlosion
86%
2 Méga-Évolution Tyranocif
86%
2 Mode Paisible Mode Déchaîné Xerneas
86%
2 Forme de Hisui Archéduc
71%
2 Forme Gigamax Astronelle
71%
2 Méga-Évolution Brutalibré
71%
2 Méga-Évolution Brutapode
71%
2 Forme de Galar Canarticho
71%
2 Forme de Galar Corayon
71%
2 Méga-Évolution Crabominable
71%
2 Méga-Évolution Darkrai
71%
2 Forme de Galar Darumarond
71%
2 Forme Double Forme Triple Deusolourdo
71%
2 Méga-Évolution Draïeul
71%
2 Méga-Évolution Drattak
71%
2 Forme Gigamax Duralugon
71%
2 Forme Infinimax Éthernatos
71%
2 Méga-Évolution Étouraptor
71%
2 Forme de Hisui Farfuret
71%
2 Méga-Évolution Golgopathe
71%
2 Méga-Évolution Heatran
71%
2 Forme Gigamax Krabboss
71%
2 Capacité Z Marshadow
71%
2 Forme Gigamax Melmetal
71%
2 Méga-Évolution Minotaupe
71%
3 Mâle / Femelle Méga-Évolution Némélios
71%
2 Forme de Hisui Qwilfish
71%
2 Forme d'Alola Rattata
71%
2 Forme d'Alola Rattatac
71%
2 Forme d'Alola Sabelette
71%
2 Forme d'Alola Sablaireau
71%
3 Forme Aigüe Forme Grave Forme Gigamax Salarsen
71%
2 Forme Gigamax Scolocendre
71%
2 Forme Gigamax Sorcilence
71%
2 Forme Gigamax Torgamord
71%
2 Mâle / Femelle Wimessir
71%
2 Méga-Évolution Baggaïd
57%
2 Gigamax Corvaillus
57%
2 Forme Gigamax Dratatin
57%
2 Forme Gigamax Dunaconda
57%
2 Méga-Évolution Éoko
57%
2 Méga-Évolution Floréclat
57%
2 Mâle / Femelle Fragroin
57%
2 Méga-Évolution Glaivodo
57%
2 Méga-Évolution Golemastoc
57%
2 Méga-Évolution Lugulabre
57%
2 Forme Gigamax Monthracite
57%
2 Forme Gigamax Pachyradjah
57%
2 Forme Gigamax Pomdrapi
57%
2 Méga-Évolution Sarmuraï
57%
2 Mâle / Femelle Déflaisan
43%
2 Méga-Évolution Mélodelfe
43%
2 Mâle / Femelle Moyade
43%
2 Méga-Évolution Ohmassacre
43%
2 Mâle / Femelle Paragruel
43%
2 Méga-Évolution Scovilain
43%
2 Mâle / Femelle Viskuse
43%
Aucun quiz correspondant
Distribution des résultats
% des personnes avec chaque résultat
Percentile par nombre de réponses
Votre historique - résultats
Vous n’avez pas pris ce quiz depuis la dernière actualisation